Capitals of Europe in 1848 - Statistics

General Stats
  • This quiz has been taken 334 times
  • The average score is 44 of 64
Answer Stats
Country City % Correct
Austria Vienna
99%
United Kingdom London
97%
Bavaria Munich
97%
France Paris
97%
Switzerland Bern
96%
Frankfurt Frankfurt am Main
96%
Hamburg Hamburg
96%
Belgium Brussels
95%
Ottoman Empire Constantinople
95%
Denmark Copenhagen
95%
Portugal Lisbon
95%
Spain Madrid
95%
Russia Saint Petersburg
95%
Netherlands Amsterdam
94%
Greece Athens
94%
Monaco Monaco
94%
Papal States Rome
94%
Luxembourg Luxembourg
93%
Sweden Stockholm
93%
Prussia Berlin
92%
Norway Christiania
92%
San Marino San Marino
92%
Bremen Bremen
91%
Hanover Hanover
89%
Lübeck Lübeck
88%
Andorra Andorra la Vella
85%
Parma Parma
85%
Liechtenstein Vaduz
85%
Tuscany Florence
84%
Modena Modena
83%
Two Sicilies Naples
81%
Oldenburg Oldenburg
77%
Saxony Dresden
76%
Mecklenburg-Schwerin Schwerin
74%
Saxe-Altenburg Altenburg
73%
Brunswick Brunswick
73%
Saxe-Coburg-Gotha Coburg
73%
Anhalt-Dessau Dessau
73%
Saxe-Meiningen Meiningen
73%
Hesse-Homburg Bad Homburg
72%
Saxe-Weimar-Eisenach Weimar
72%
Anhalt-Bernburg Bernburg
71%
Württemberg Stuttgart
71%
Saxe-Coburg-Gotha Gotha
70%
Anhalt-Köthen Köthen
70%
Hohenzollern-Sigmaringen Sigmaringen
70%
Hohenzollern-Hechingen Hechingen
68%
Schwarzburg-Rudolstadt Rudolstadt
68%
Schwarzburg-Sondershausen Sondershausen
63%
Sardinia Turin
56%
Baden Karlsruhe
39%
Hesse (Electorate) Kassel
36%
Hesse (Grand Duchy) Darmstadt
30%
Montenegro Cetinje
26%
Nassau Wiesbaden
19%
Reuss Junior Line Gera
17%
Mecklenburg-Strelitz Neustrelitz
14%
Reuss Elder Line Greiz
11%
Lippe Detmold
10%
Waldeck-Pyrmont Arolsen
5%
Schaumburg-Lippe Bückeburg
5%
Holstein Glückstadt
5%
Saxe-Lauenburg Ratzeburg
4%
Caucasian Imamate Vedeno
1%
No matching quizzes found
Score Distribution
Percent of People with Each Score
Percentile by Number Answered
Your Score History
You have not taken this quiz